000 00658nam a2200241 a 4500
001 BRCA_5395
005 20190320205047.0
008 091210s1899----gw-a######---#000-0#ger-#
041 _ager
044 _agw
050 4 _aND588
_b.S36 1899
100 1 _aSchmid, Max
_d1860-1925
_913795
245 1 0 _aKlinger
_cvon Max Schmid.
260 _aBielefeld, Alemania
_bVelhagen & Klasing
_c1899
300 _a134 p.
_bil.
_c26 cm.
440 0 _aKünstler-Monographien
_v41
_913466
500 _aEdición con cantos dorados
500 _aE120
600 1 4 _aKlinger, Max
_d1857-1920
_913796
650 1 4 _aPintores alemanes
_9797
902 _aGFM
942 _2lcc
_cB
999 _c5089
_d5089